La fabricación de Luis XIV
-д хадгалсан:
| Үндсэн зохиолч: | |
|---|---|
| Формат: | Ном |
| Хэл сонгох: | испани |
| Хэвлэсэн: |
Madrid
Nerea
1995
|
| Нөхцлүүд: | |
| Шошгууд: |
Шошго нэмэх
Шошго байхгүй, Энэхүү баримтыг шошголох эхний хүн болох!
|
MARC
| LEADER | 00000nam a2200000 a 4500 | ||
|---|---|---|---|
| 001 | UCZ5549 | ||
| 003 | CL-VaPUC | ||
| 008 | 951123e19950000SP |||||||||||||||||spa|d | ||
| 082 | 0 | 4 | |a 944.033 |b BUR |2 21 |
| 100 | 0 | |a Burke, Peter |e author |9 349628 | |
| 245 | 1 | 3 | |a La fabricación de Luis XIV |
| 300 | |a 230 p | ||
| 942 | |c BK | ||
| 945 | |d 19951123 00:00:00 |a rleighto | ||
| 260 | |a Madrid |b Nerea |c 1995 | ||
| 600 | 0 | |a Luis XIV |d 1638-1715 |z Francia |9 349629 | |
| 650 | 0 | |a Historia de Francia |y Siglo 15 |9 349630 | |
| 651 | 0 | |a Francia |9 255157 | |
| 583 | |a last modification |c 20160830 12:16:50 |k Rodrigo Vera | ||
| 999 | |c 241847 |d 241845 | ||
| 952 | |0 0 |1 0 |4 0 |6 944_033000000000000_BUR_1995 |7 0 |8 R |9 254361 |a BIBHIS |b BIBHIS |d 2019-11-19 |i 3152987 |l 24 |m 2 |o 944.033 BUR 1995 |p 3152987 |r 2024-11-08 |s 2024-11-06 |w 2019-11-19 |y BK_R |k HIS | ||